عرض عادي
عرض مارك
- Computational linguistics
مدخل مصطلح موضوعي
001 - رقم الضبط
- حقل الضبط: 3419
003 - معرف رقم الضبط
- حقل الضبط: OSt
005 - تاريخ ووقت أخر عملية
- حقل الضبط: 20110827113142.0
008 - عناصر بيانات ثابتة الطول
- حقل تحكم ثابت الطول: 110827|||a|||||| | ||| d
040 ## - مصدر الفهرسة
- هيئة الفهرسة الأصلية: OSt
- وكالة الكتابة: OSt
150 ## - مدخل-- مصطلح تاريخي
- عنصر مدخل المصطلح الموضوعي او الاسم الجغرافي: Computational linguistics
- تفريع شكلي: Congresses.
670 ## - بيانات المصدر موجوده
- الاستشهاد بالمصدر: Work cat.: (OSt)0: CICLing 2009 (10th : (2009 : Mexico City, Mexico) 3418, Computational linguistics and intelligent text processing, 2009.
